Civilization and science in conflict or collaboration?

Tallennettuna:
Bibliografiset tiedot
Aineistotyyppi: Kirja
Kieli:Undetermined
Julkaistu: Amsterdam Associated scientific 1973
Aiheet:
Tagit: Lisää tagi
Ei tageja, Lisää ensimmäinen tagi!
Thư viện lưu trữ: Trung tâm Học liệu Trường Đại học Cần Thơ
LEADER 00464nam a2200157Ia 4500
001 CTU_78522
008 210402s9999 xx 000 0 und d
082 |a 909 
082 |b C582 
245 0 |a Civilization and science in conflict or collaboration? 
245 0 |c Hubert Bloch ... [et al.] 
260 |a Amsterdam 
260 |b Associated scientific 
260 |c 1973 
650 |a Science and civilization 
980 |a Trung tâm Học liệu Trường Đại học Cần Thơ